<The> Scandinavian Journal of Economics

Gespeichert in:
Bibliographische Detailangaben
Format: Schriftenreihe
Sprache:Englisch
Veröffentlicht: Stockholm University 1987
Tags: Tag hinzufügen
Keine Tags, Fügen Sie das erste Tag hinzu!

MARC

LEADER 00000nas2a2200000 4500
001 s026609
005 20250730114135.8
041 0 |a eng 
044 |a SE 
245 1 0 |a <The> Scandinavian Journal of Economics 
264 1 |a Stockholm  |b University  |c 1987 
300 |a 1 zv. 
773 0 |w eu_un_cat*s120473